| 000 | 03725cam a22005177i 4500 | ||
|---|---|---|---|
| 999 |
_c2845 _d2845 |
||
| 001 | 19001522 | ||
| 003 | OSt | ||
| 005 | 20230823153507.0 | ||
| 008 | 151019s2016 enkag b 001 d eng d | ||
| 020 |
_a9781472571762 _q(PB) |
||
| 035 | _a(OCoLC)ocn941071361 | ||
| 040 |
_aNLE _beng _cNLE _erda _dOCLCO _dCOO _dCHVBK _dYDXCP _dLGG _dOBE _dOCLCO _dGZM _dNZLPP _dOCLCQ _dNDD _dOCLCF _dOCLCO _dVP@ _dOCLCO _dUX0 _dBTCTA _dBDX _dDLC _dKH8 |
||
| 082 | 0 | 4 | _a822.33 SHA |
| 100 | 1 |
_aShakespeare, William, _d1564-1616, _eauthor. |
|
| 245 | 1 | 0 |
_aOthello / _cedited by E.A.J. Honigmann ; with a new introduction by Ayanna Thompson. |
| 250 | _aRevised edition. | ||
| 264 | 1 |
_aLondon, UK : _bBloomsbury Arden Shakespeare, _c2016. |
|
| 300 |
_axvii, 429 pages : _billustrations, music ; _c5.24 x 1.03 x 7.74 inches. |
||
| 336 |
_atext _btxt _2rdacontent |
||
| 336 |
_astill image _bsti _2rdacontent |
||
| 337 |
_aunmediated _bn _2rdamedia |
||
| 338 |
_avolume _bnc _2rdacarrier |
||
| 490 | 1 | _aThe Arden Shakespeare. Third series | |
| 500 | _aPrevious edition: 1997. | ||
| 500 | _aIncludes Index | ||
| 504 | _aIncludes bibliographical references and index. | ||
| 505 | 0 | 0 |
_aMachine generated contents note: _tWhat is Othello?: Genre -- _tWhere is Othello?: Early Modern Contexts -- _tOthello and the Audience -- _tMaking Objects Pornographic in Othello -- _tOthello and Scholarly Debates -- _tOthello Onstage, Part 1 : Stage Histories -- _tOthello Onstage, Part 2: Black Actors, White Actresses -- _tOthello Onstage, Part 3: Othello in the World -- _tOthello: Restaged/Rewritten -- _tConcluding Thoughts -- _tTRAGEDY OF OTHELLO, THE MOOR OF VENICE -- _tAppendices -- _g1. _tDate -- _g2. _tTextual Problem -- _g3. _tCinthio and Minor Sources -- _g4. _tEdward Pudsey's Extracts from Othello -- _g5. _tMusical Settings for Songs in Othello. |
| 520 | _aThis second edition of Othello has a new, illustrated introduction by leading American scholar Ayanna Thompson, which addresses such key issues as race, religion and gender, as well as looking at ways in which the play has been adapted in more recent times. Othello is one of Shakespeare's great tragedies-written in the same five-year period as Hamlet, King Lear, and Macbeth. The new introduction attends to the play's different meanings throughout history, while articulating the historical context in which Othello was created, paying particular attention to Shakespeare's source materials and the evidence about early modern constructions of racial and religious difference. It also explores the life of the play in different historical moments, demonstrating how meanings and performances develop, accrue, and metamorphose over time. The volume provides a rich and current resource, making this best-selling play edition ideal for today's students at advanced school and undergraduate level. | ||
| 600 | 0 | 0 |
_aOthello _c(Fictitious character from Shakespeare) _vDrama. |
| 600 | 1 | 7 |
_aShakespeare, William, _d1564-1616. _tOthello. _2gnd _0(DE-588)4099368-1 |
| 600 | 1 | 7 |
_aShakespeare, William, _d1564-1616. _tOthello _vIntroduction. _2idszbzes |
| 650 | 0 |
_aMuslims _vDrama. |
|
| 650 | 0 |
_aJealousy _vDrama. |
|
| 650 | 7 |
_aJealousy. _2fast _0(OCoLC)fst00982225 |
|
| 650 | 7 |
_aMuslims. _2fast _0(OCoLC)fst01031029 |
|
| 651 | 0 |
_aVenice (Italy) _vDrama. |
|
| 651 | 7 |
_aItaly _zVenice. _2fast _0(OCoLC)fst01204473 |
|
| 655 | 7 |
_aDrama. _2fast _0(OCoLC)fst01423879 |
|
| 700 | 1 |
_aHonigmann, E. A. J., _eeditor. |
|
| 700 | 1 |
_aThompson, Ayanna, _d1972- _eauthor of introduction. |
|
| 800 | 1 |
_aShakespeare, William, _d1564-1616. _tWorks. _f1995. |
|
| 906 |
_a7 _bcbc _ccopycat _d3 _encip _f20 _gy-gencatlg |
||
| 942 |
_2ddc _cTR |
||